=LDR 00000nam 2200000 4500 =001 INLIS000000000050668 =005 20170512015146 =035 ##$$a 0010-0517000321 =007 ta =008 170512###########################0###### =020 ##$$a 978-602-7874-83-1 =082 ##$$a 796.334 =084 ##$$a 796.334 SUK e =100 #$$a Sukendro, Suryo =245 1#$$a Ensiklopedi Catatan Piala Dunia Sepanjang Masa /$c Suryo Sukendro =250 ##$$a Cet.1 =260 ##$$a Yogyakarta :$b Ar- Ruzz Media,$c 2014 =300 ##$$a 298 hlm. : $b Ilus ; $c 24 cm. =650 ##$$a FIALA DUNIA =990 ##$$a 83358335 =990 ##$$a 83358335 =990 ##$$a 31700537 =990 ##$$a 02201708335 =990 ##$$a 31700538 =990 ##$$a 31700537